Leader xxxxxxxxxx
001 __ PCLIS00037689
005 __ 20221011105230.0
010 0_ |a986-7450-45-0|b卷一:平裝|dNT$180
010 0_ |a986-7450-46-9|b卷二 : 平裝|dNT$180
010 0_ |a986-7450-52-3|b卷三 : 平裝|dNT$180
010 0_ |a978-986-7450-53-1|b卷四 : 平裝|dNT$199
010 0_ |a986-7450-53-1|b卷四 : 平裝|dNT$199
010 0_ |a986-7450-74-4|b卷五平裝|dNT$199
010 0_ |a978-986-7450-74-6|b卷五平裝|dNT$199
010 0_ |a978-986-7450-81-4|b卷六 : 平裝|dNT$199
010 0_ |a986-7450-81-7|b卷六 : 平裝|dNT$199
010 0_ |a978-986-7450-88-3|b卷七 : 平裝|dNT$199
010 0_ |a986-7500-88-4|b卷七 : 平裝|dNT$199
010 0_ |a978-986-7450-89-0|b卷八:平裝|dNT$199
100 __ |a20070414g20062007m y0chiy09 e
101 0_ |achi
102 __ |atw
105 __ |ab z 000ay
200 1_ |a百兵|f星子(teensy)著
205 __ |a初版
210 __ |a臺北市|c蓋亞文化出版|a臺北縣中和市|c大河總經銷|d2006-2007[民95-96]
215 0_ |a8冊|c地圖|d20公分
225 2_ |a悅讀館|vRE031-RE038
300 __ |a作者號由t038誤取四角號碼(1015902-1015904, 1015908), 作者號由t038補0(2019204-2019205); 冊次號由t038省略不取; 由t561整併改回
339 __ |a館藏: 卷二-卷四, 卷六-卷七
410 _0 |12001 |a悅讀館|vRE031-RE038
681 __ |a857.83|b854
681 __ |a857.83|b8540
681 __ |a857.83|b6017
700 _0 |a星子|4著
801 _0 |atw|b內湖高中|c20070414|gCCR
801 _0 |atw|b內湖高中|c20130904|gCCR
|